000 00631nam a2200181 i 4500
001 140587
003 ES-MaACL
005 20230906200117.0
007 t|
008 070214s1984 sp r ||||1| spa d
020 _a84-86031-49-4
100 1 _aSebastián López, Santiago.
_9105017
245 1 3 _aEl `Guernica` y otras obras de Picasso
_b: contextos iconográficos /
_cSantiago Sebastián López.
260 _aMurcia :
_bUniversidad. Departamento Historia del Arte,
_c1984.
300 _a128 p. :
_bil. ;
_c21 cm.
710 2 _aUniversidad de Murcia.
_bDepartamento de Historia del Arte.
_97237
852 _aES-MaACL
_jL-10087
999 _c140587
_d140587